000 01537nam a22003977a 4500
003 CHAP
005 20220817044130.0
008 061027d2002 ii d r 00110 eng d
010 _a92948
011 _a93920
020 _a9290664517
035 _a104503
040 _cCHAP
090 _aFolleto 17159
100 0 0 _aWaliyar, Farid
_e, ed.
_9120855
245 1 0 _aBeyond the gene horizon:
_bsustaining agricultural productivity and enhancing livelihoods through opyimization of crop and crop-associated biodiversity with emphasis on semi-arid tropical agroecosystems: proceedings of ...
_c/ed. by F. Waliyar, L. Collette and P. E. Kenmore
260 _aAndhra Pradesh :
_bInternational Crops Research Institute for the Semi-Arid Tropics,
_c2002
300 _a38 p. :
_bgráfs. ; cuadro ; diagramas
590 _aBATCH-UPD
_b10
_c20130110
_lUCH01
_h0458
590 _aBATCH-UPD
_b10
_c20130110
_lUCH01
_h2152
590 _aBATCH-UPD
_b10
_c20130410
_lUCH01
_h0136
590 _aBATCH-UPD
_b10
_c20130913
_lUCH01
_h2225
590 _aCONVERSION
_b10
_c20130109
_lUCH01
_h1351
650 1 4 _aAgricultura sustentable.
650 1 4 _aAgricultura
_xRegiones áridas.
_91781
650 1 4 _aBiodiversidad.
_912724
650 1 4 _aEcosistema.
_935290
650 1 4 _aRegiones áridas
_xAgricultura.
_995670
700 0 _aCollette, L.
_e, ed.
_925258
700 0 _aKenmore, P.E.
_e, ed.
_963026
710 0 _aFAO.
901 _aBK
905 _aMarco A. Mendoza T.
942 _cFOLL
949 _aFolleto 17159
_bBC
_cFOLL
_d33724002008090
_eTS1
_i104503
_sb
999 _c92948
_d92948